La réponse termine par L - Statistiques

Statistiques générales
  • Ce quiz a été pris 410 fois
  • Le résultat moyen est 15 sur 20
Statistiques - réponses
Indices Réponses % Correct
Cette festivité de Rio est l'un des plus connu et réputé au monde Carnaval
97%
Coffre en bois dans lequel repose un défunt Cerceuil
95%
Fête célébrée le 25 décembre Noël
95%
Infraction pénale consistant à prendre quelque chose qui ne nous appartient pas Vol
94%
Lieu où sont jugés les personnes ayant enfreint la loi Tribunal
92%
Ville turque anciennement appelée Byzance et Constantinople Istanbul
86%
Messagerie électronique de Google Gmail
84%
Maison d'édition de comics à laquelle appartiennent Daredevil, Thanos et Spider-Man Marvel
84%
La Capoeira serait originaire de ce pays Brésil
83%
Entreprise américaine de service de paiement en ligne créée en 1998 Paypal
83%
Chlorure de sodium Sel
80%
Pays le plus occidental de l'Europe continentale Portugal
75%
Pièce servant d'entrée dans une habitation Hall
72%
Ligue de football américain organisatrice du Super Bowl NFL
72%
Boisson dans laquelle on retrouve de l'éthanol Alcool
71%
Espèce animale à laquelle appartient Spip, fidèle compagnon de Spirou Écureuil
59%
Boisson fermentée à base d'eau et de miel Hydromel
59%
Navire emblématique de la saga cinématographique Pirates des Caraïbes Black Pearl
57%
A l'époque de cette machine, nous aurions possiblement put faire 3615 JETPUNK Minitel
56%
Prénom du Professeur Layton dans les jeux du même nom Hershel
12%
Aucun quiz correspondant
Distribution des résultats
% des personnes avec chaque résultat
Percentile par nombre de réponses
Votre historique - résultats
Vous n’avez pas pris ce quiz